Týdeník Vysočiny : regionální časopis

Další autoři: Pavlíček, Vladimír
Jazyk: Čeština
Vydáno: [S.l.] : Vydavatelství týdeníku Vysočiny, 1992-1993
Fyzický popis: 16 s. ; 300/420
Odebírané ročníky: 1992-93
Odebírané svazky: 1-2
Noviny a časopisy
Uloženo v:
LEADER 00861nas a22002172a 4500
001 000211492
003 CZ BrMZK
005 20071030121331.0
008 010907d19921993xr wr f cze d
022 |a 1210-4841 
040 |a BOA001  |b cze 
245 0 0 |a Týdeník Vysočiny :  |b regionální časopis 
260 |a [S.l.] :  |b Vydavatelství týdeníku Vysočiny,  |c 1992-1993 
300 |a 16 s. ;  |c 300/420 
310 |a 52x ročně (1x týdně) 
362 0 |a Roč. 1, č. 1 (1992), 1992 
700 1 |a Pavlíček, Vladimír 
910 |a BOA001  |b Nov.-1002.069  |r 1992-93  |s 1-2 
990 |a SE 
996 6 |b 2619302782  |c Nov.-1002.069  |d 1992 1  |v 1  |y 1992  |l Stud. periodik/2.patro  |r Sklad / do 1 hodiny  |n 1  |w 000211492  |u 000010  |a 1  |e BOA001  |j MZK50  |s P 
996 6 |b 2619302783  |c Nov.-1002.069  |d 1993 2  |v 2  |y 1993  |l Stud. periodik/2.patro  |r Sklad / do 1 hodiny  |n 1  |w 000211492  |u 000020  |a 1  |e BOA001  |j MZK50  |s P